00956 a2200169 45000010006000000050017000060080041000230030015000640400040000790800046001192450065001650200022002302640023002525050401002751000011006768560099006874604520260407155733.0260407a arg spa d AR-UNSa-BCEJYS aAR-UNSa-BCEJYSbspacAR-UNSa-BCEJYS a613.95/9xSalud e higiene Maternoinfantil10aEstado mundial de la infancia 2009pSalud materna y neonatal a978-92-806-4323-7 1aNew York :bUNICEF a1. Salud maternal y neonatal: situación actual - 2. Crear un entorno propicio para la salud maternal y neonatal - 3. La atención continua a través del tiempo y del espacio: riesgos y oportunidades - 4. Fortalecer los sistemas sanitarios para mejorar las salud de la madre y del recién nacido - 5. Trabajar de manera coordinada en beneficio de la salud de la madre y del recién nacido - 1 aUNICEF41uhttps://www.biblioeco.unsa.edu.ar/pmb/images/libros/L127294.jpgyImagen de portadaqimage/jpeg